Elektronická aukcia

Účel a realizácia elektronickej aukcie. Verejný obstarávateľ a obstarávateľ nesmú používať elektronickú aukciu spôsobom, ktorý by bránil hospodárskej súťaži. Vyhodnocovanie ponúk. Výzva na účasť v elektronickej aukcii.

Uložené v:
Podrobná bibliografia
Hlavný autor: Tichý, Miroslav
Médium: Kapitola
Jazyk:Slovak
Predmet:
Tagy: Pridať tag
Žiadne tagy, Buďte prvý, kto otaguje tento záznam!

MARC

LEADER 00000naa a2200000 4500
001 0228384
005 20170315105801.2
041 0 |a slo 
044 |a SK 
245 1 0 |a Elektronická aukcia  |c Miroslav Tichý 
520 |a Účel a realizácia elektronickej aukcie. Verejný obstarávateľ a obstarávateľ nesmú používať elektronickú aukciu spôsobom, ktorý by bránil hospodárskej súťaži. Vyhodnocovanie ponúk. Výzva na účasť v elektronickej aukcii. 
610 2 0 |a aukcie 
610 2 0 |a elektronizácia 
610 2 0 |a súťaž hospodárska 
100 1 |a Tichý, Miroslav